Cricketers with 100 ODI sixes - Statistics

General Stats
  • This quiz has been taken 51 times
    14 since last reset
  • The average score is 31 of 49
Answer Stats
Sixes Country Answer % Correct
204 AB de Villiers
100%
331 Chris Gayle
100%
229 MS Dhoni
100%
344 Rohit Sharma
100%
351 Shahid Afridi
100%
190 Sourav Ganguly
100%
152 Virat Kohli
100%
109 Ben Stokes
91%
200 Brendon McCullum
91%
133 Brian Lara
91%
144 Inzamam-ul-Haq
91%
195 Sachin Tendulkar
91%
270 Sanath Jayasuriya
91%
130 David Warner
82%
137 Jacques Kallis
82%
181 Jos Buttler
82%
187 Martin Guptill
82%
162 Ricky Ponting
82%
147 Ross Taylor
82%
136 Virender Sehwag
82%
106 Brendan Taylor
73%
220 Eoin Morgan
73%
155 Yuvraj Singh
73%
149 Adam Gilchrist
64%
155 Glenn Maxwell
64%
149 Paul Stirling
64%
131 Shane Watson
64%
113 Shoaib Malik
64%
129 Aaron Finch
55%
144 David Miller
55%
113 Mohammed Nabi
55%
120 Suresh Raina
55%
126 Vivian Richards
55%
103 Andrew Symonds
45%
153 Chris Cairns
45%
128 Herschelle Gibbs
45%
118 Quinton de Kock
45%
106 Sikander Raza
45%
103 Tamim Iqbal
45%
135 Kieron Pollard
36%
107 Mahmudullah
36%
110 Mohammad Hafeez
36%
100 Mushfiqur Rahim
36%
118 Marlon Samuels
27%
124 Abdul Razzaq
18%
102 Aravinda de Silva
18%
121 Wasim Akram
18%
106 Elton Chigumbura
9%
115 Shai Hope
9%
No matching quizzes found
Score Distribution
Percent of People with Each Score
Percentile by Number Answered
Your Score History
You have not taken this quiz since the last reset